The fall of Singapore. (Record no. 185099)

000 -LEADER
fixed length control field 00804 a2200169 4500
003 - CONTROL NUMBER IDENTIFIER
control field Nust
005 - DATE AND TIME OF LATEST TRANSACTION
control field 20230316115437.0
040 ## - CATALOGING SOURCE
Transcribing agency Nust
082 ## - DEWEY DECIMAL CLASSIFICATION NUMBER
Classification number 355.009, OWE
100 ## - MAIN ENTRY--PERSONAL NAME
Personal name Owen, Frank, 1905-1979.
9 (RLIN) 110396
245 ## - TITLE STATEMENT
Title The fall of Singapore.
Statement of responsibility, etc. Owen, Frank, 1905-1979
260 ## - PUBLICATION, DISTRIBUTION, ETC.
Place of publication, distribution, etc. London,
Name of publisher, distributor, etc. M. Joseph,
Date of publication, distribution, etc. [1960]
300 ## - PHYSICAL DESCRIPTION
Extent 216 p. illus.
Other physical details 23 cm.
505 ## - FORMATTED CONTENTS NOTE
Formatted contents note The Flag The never Lost (Page-9), Red Light (Page-17), Over the Line (Page-38), The Lost Ships (Page-55), Loss of North Malaya (Page-77), The Slim River Disaster (Page-96), Retreat to Johore (Page-106), The Battle of Muar (Page-118), Last Steps to Singapore (Page-135), That Fortress Sing pore (Page-156), The Fall Of Singapore (Page-169), The Last Stand (Page-192).
650 ## - SUBJECT ADDED ENTRY--TOPICAL TERM
Topical term or geographic name entry element The fall of Singapore.
9 (RLIN) 110397
942 ## - ADDED ENTRY ELEMENTS (KOHA)
Source of classification or shelving scheme
Koha item type Book
Holdings
Withdrawn status Lost status Source of classification or shelving scheme Damaged status Not for loan Permanent Location Current Location Shelving location Date acquired Full call number Barcode Date last seen Price effective from Koha item type Public note
          Military College of Signals (MCS) Military College of Signals (MCS) General Stacks 12/12/2016 355.009,OWE MCS29355 12/08/2016 12/12/2016 Book Almirha No 51, Shelf No 3
© 2023 Central Library, National University of Sciences and Technology. All Rights Reserved.